000 01624cac a22001811u 4500
008 081102t2004 ii |||||r|||| 001 0 eng d
020 _a8170083109
082 _a001.6404
_bVEN
_222
100 _aVenkata Ram, s.k.
_933495
245 _aComprehensive advanced microprocessor and microcontrollers /
_cS.K. Venkata Ram.
260 _aNew Delhi :
_bLaxmi Publications,
_c2004.
300 _a499 p. :
_billus;
_c24 cm.
505 _a1. Introduction to Advanced Microprocessor; 2. Hardware Features of 8086/8088; 3. Memory Interfacing; 4. Addressing Modes and Insruction Set of 8086; 5. Techniques for Assembly Language Programming; 6. Development of Modular Program; 7. Assembly Language Pogramming (ALP); 8. 8086 Interrupts and P/C (8259/A); 9. Basic I/O Interfacing; 10. 8086 Sample Programs; 11. 8087 Numeric Data Processor; 12. Introdction to Microcontrollers; 13. Types of Microcontrollers; 14. 8051 Architecture; 15. 8051 Insructon Set; Appendices
520 _aThe book "Advanced Microprocessor and Microcontrollers" is an exhaustive and updated book on Microprocessor 8086/8088 and Microcontrollers 8051 series. The book is divided into 15 chapters, in which the detailed information about the Architecture, Instructions set, programming methodologies etc., have been discussed. Information about 16 bits Microprocessor and 8 bits MCS-51 has been made easier to the reader. Apart from that, 8087 numeric data processor is also explained for its Architecture, Instructions set with programming examples.
650 _aMicroprocessors.
_933496
650 _aMinicontrollers.
_933497
942 _cBB
_k001.6404VEN
_2ddc
999 _c919
_d919